000 00367nam a22001337a 4500
008 160513b xxu||||| |||| 00| 0 eng d
020 _a9780721605494
020 _a978072160549
020 _a0721605494
041 _aeng
080 _a611
245 _aCurrent pediatric therapy:
_cFredric C. Burg MD; Julie R. Ingelfinger MD; Richard A. Polin MD;
942 _2udc
_cBK
999 _c2151
_d2151